000 00695nam a2200289Ia 4500
005 20260324112710.0
008 008 260324s9999 xx 000 0 eng d
020 _a9781032698519
037 _aEBOOK
040 _aCRL
040 _beng
040 _cCRL
041 _2eng
041 _aeng
084 _qCRL
100 _aPankaj Bhambri; Rashmi Soni; Tien Anh Tran
_91143779
245 0 _aSmart Healthcare Systems
245 0 _bAI and IoT Perspectives
260 _bTaylor and Francis
260 _c2024
365 _a
365 _b355
856 _uhttp://www.taylorfrancis.com/books/9781032698519
942 _cEBOOK
999 _c1733084
_d1733084